000
00393nam a2200145Ia 4500
008
090123s9999 xx 000 0 und d
082
_b
25636
245
_a
एक कटोरा खून
250
_a
0
260
_b
राज पॉकेट बुक्स
300
_a
63
630
_a
एक कटोरा खून
730
_a
एक कटोरा खून
942
_c
BOOK
999
_c
63707
_d
63707